Essential metallurgy for engineers, (Record no. 548579)

000 -LEADER
fixed length control field 00549nam a2200181 4500
082 ## - DEWEY DECIMAL CLASSIFICATION NUMBER
Classification number 669.02462
Author Mark VIV
-- 17, P-26
100 1# - MAIN ENTRY--PERSONAL NAME
Personal name Vivian, Archibald Comley.
9 (RLIN) 44925
245 10 - TITLE STATEMENT
Title Essential metallurgy for engineers,
Remainder of title the causes and the control of metallic properties.
250 ## - EDITION STATEMENT
Edition statement 3d ed.
260 ## - PUBLICATION, DISTRIBUTION, ETC.
Place of publication, distribution, etc. London,
Name of publisher, distributor, etc. Pitman,
Date of publication, distribution, etc. 1948.
300 ## - PHYSICAL DESCRIPTION
Extent 180 p.
500 ## - GENERAL NOTE
General note First published in 1942.
526 ## - STUDY PROGRAM INFORMATION NOTE
Program name 0
Interest level 0
Reading level 0
Title point value 669_024620000000000_VIV
650 #0 - SUBJECT ADDED ENTRY--TOPICAL TERM
Topical term or geographic name entry element MCE
9 (RLIN) 379
650 #0 - SUBJECT ADDED ENTRY--TOPICAL TERM
Topical term or geographic name entry element Metallography.
9 (RLIN) 44882
650 #0 - SUBJECT ADDED ENTRY--TOPICAL TERM
Topical term or geographic name entry element Metallurgy.
9 (RLIN) 25466
942 ## - ADDED ENTRY ELEMENTS (KOHA)
Source of classification or shelving scheme
Koha item type Book
Holdings
Withdrawn status Lost status Source of classification or shelving scheme Damaged status Not for loan Permanent Location Current Location Date acquired Total Checkouts Full call number Barcode Date last seen Price effective from Koha item type
          Military College of Engineering (MCE) Military College of Engineering (MCE) 09/01/2014   669.02462 VIV MCE-40815 09/01/2014 09/01/2014 Book
© 2023 Central Library, National University of Sciences and Technology. All Rights Reserved.